000 00466nam a2200169Ia 4500
003 GCL
008 140319s9999 xx 000 0 ara d
040 _aGCL /
_cGCL
082 0 4 _a111.85
_bس ت
100 1 _aسعيد توفيق
245 1 0 _aتهافت مفهوم علم الجمال الاسلامى /
_cسعيد توفيق
300 _a98 ص
490 _a
650 0 4 _aالفلسفة الاسلامية
650 0 4 _aعلم الجمال
942 _2ddc
_cBK
999 _c40723
_d40723